| 000 | 00419nam a2200181Ia 4500 | ||
|---|---|---|---|
| 005 | 20250423100322.0 | ||
| 008 | 250422s9999 xx 000 0 und d | ||
| 020 | _a0619101873 | ||
| 050 | _aQA 76.76.U94 .C3678/ | ||
| 100 | _aCarey, Patrick | ||
| 245 | 0 | _aNew perspectives XML | |
| 260 | _aBoston | ||
| 260 | _bThomson | ||
| 260 | _c2003 | ||
| 300 | _a142 p | ||
| 650 | _aCreating an XML Document | ||
| 942 | _cBK | ||
| 999 |
_c32941 _d32941 |
||